Applied Remote Sensing for Urban Planning, Governance and Sustainability (Record no. 14504)
[ view plain ]
| 000 -LEADER | |
|---|---|
| fixed length control field | 00339nam a22001217a 4500 |
| 020 ## - INTERNATIONAL STANDARD BOOK NUMBER | |
| ISBN | 9788132211044 |
| 082 ## - DEWEY DECIMAL CLASSIFICATION NUMBER | |
| Classification number | 621.3678 |
| Item number | NET/AP |
| 245 ## - TITLE STATEMENT | |
| Title | Applied Remote Sensing for Urban Planning, Governance and Sustainability |
| 700 ## - ADDED ENTRY--PERSONAL NAME | |
| Personal name | Netzband,Maik |
| 700 ## - ADDED ENTRY--PERSONAL NAME | |
| Personal name | Satefanov,William L. |
| 700 ## - ADDED ENTRY--PERSONAL NAME | |
| Personal name | Redman,Charles |
| 942 ## - ADDED ENTRY ELEMENTS (KOHA) | |
| Koha item type | Books |
| Withdrawn status | Lost status | Damaged status | Collection code | Home library | Current library | Shelving location | Date acquired | Source of acquisition | Cost, normal purchase price | Full call number | Accession Number | Koha item type |
|---|---|---|---|---|---|---|---|---|---|---|---|---|
| KAUAET | KAUAET | General Stacks | 12/07/2016 | Dream Tech, Trivandrum | 1195.00 | 621.3678 NET/AP | 24426 | Books |
